| 000 | 00533nam a2200181Ia 4500 | ||
|---|---|---|---|
| 003 | GCL | ||
| 008 | 140319s9999 xx 000 0 ara d | ||
| 040 |
_aGCL / _cGCL |
||
| 082 | 0 | 4 |
_a366.1 _bش م |
| 100 | 1 | _aشاهين مكاريوس | |
| 245 | 1 | 0 |
_aاربع كتب فى الماسونية / _cشاهين مكاريوس |
| 260 |
_a[S.N] : _bمكتبة مدبولى ، _c1994 |
||
| 300 | _a776 ص | ||
| 490 | _a | ||
| 650 | 0 | 4 | _aالجمعيات السرية |
| 650 | 0 | 4 | _aالماسونية واليهودية |
| 942 |
_2ddc _cBK |
||
| 999 |
_c48917 _d48917 |
||